Dinastie europee - Wittelsbach - Statistics

Statistiche generali
  • Questo quiz è stato fatto 21 volte
  • Il punteggio medio è 26 su 34
Statistiche sulle risposte
Titolo Anni Nome Eventuale epiteto % Corretto
1347-1404* Alberto I
100%
1438-1460 Alberto III
100%
Duca di Baviera 1467-1508 Alberto IV
100%
1550-1579 Alberto V
100%
Imperatore dei romani 1726-1745 Carlo I
100%
1777-1799 Carlo II
100%
Duca di Baviera-Monaco 1375-1397 Giovanni II
89%
1460-1463* Giovanni IV
89%
Duca di Baviera-Straubing 1347-1388* Guglielmo I
89%
1397-1435* Guglielmo III
89%
1508-1550* Guglielmo IV
89%
1579-1597 Guglielmo V Il Pio
89%
1651-1679 Ferdinando Maria
78%
1183-1231 Ludovico I
78%
1825-1848 Ludovico I
78%
1253-1294 Ludovico II Il Forte
78%
1864-1886 Ludovico II
78%
1913-1918 Ludovico III
78%
Imperatore dei romani 1301-1340* Ludovico V Il Bavaro
78%
Duca dell'Alta Baviera 1347-1381* Ludovico VI Il Romano
78%
1508-1545* Ludovico X
78%
1886-1913 Ottone
78%
Duca di Baviera 1180-1183 Ottone I Testarossa
78%
1231-1253 Ottone II
78%
1347-1379* Ottone V Il Pigro
78%
1294-1317* Rodolfo I
67%
Duca elettore di Baviera 1597-1651 Massimiliano I Il Grande
56%
Re di Baviera 1799-1825 Massimiliano I
56%
1679-1726 Massimiliano II
56%
1848-1864 Massimiliano II
56%
Duca elettore di Baviera 1745-1777 Massimiliano III
56%
Duca di Baviera-Dachau 1460-1467* Sigismondo
56%
Duca di Baviera-Landshut 1347-1375 Stefano II
56%
1397-1438* Ernesto
33%
Nessun quiz corrispondente trovato
Distribuzione punteggi
Percentuale di utenti per punteggio
Percentile per numero di risposta
I tuoi punteggi nel tempo
Non hai fatto questo quiz